Statistiche per Elenca la formazione - Finale UEFA Champions League 2007-2008

Clicka qui per fare il quiz!

Statistiche generali

  • Questo quiz è stato fatto 4 volte
  • Il punteggio medio è 18 su 22

Statistiche sulle risposte

RuoloNazioneCalciatore% Corretto
AttaccanteArgentinaCarlos Tévez
100%
AttaccanteCosta d'AvorioDidier Drogba
100%
PortierePaesi BassiEdwin van der Sar
100%
CentrocampistaInghilterraFrank Lampard
100%
CentrocampistaGermaniaMichael Ballack
100%
DifensoreGhanaMichael Essien
100%
DifensoreSerbiaNemanja Vidić
100%
CentrocampistaInghilterraPaul Scholes
100%
PortiereRepubblica CecaPetr Čech
100%
DifensoreInghilterraRio Ferdinand
100%
AttaccanteInghilterraWayne Rooney
100%
AttaccanteFranciaFlorent Malouda
75%
DDifensoreInghilterraJohn Terry
75%
CentrocampistaInghilterraMichael Carrick
75%
DifensorePortogalloRicardo Carvalho
75%
DifensoreInghilterraWes Brown
75%
DifensoreInghilterraAshley Cole
50%
CentrocampistaFranciaClaude Makélélé
50%
CentrocampistaFranciaCristiano Ronaldo
50%
AttaccanteInghilterraJoe Cole
50%
DifensoreFranciaPatrice Evra
50%
CentrocampistaInghilterraOwen Hargreaves
25%

Distribuzione punteggi

Percentile per numero di risposta

Percentuale di utenti per punteggio

I tuoi punteggi nel tempo

Non hai fatto questo quiz